| 000 | 00890nam a22002895a 4500 | ||
|---|---|---|---|
| 001 | 016535923 | ||
| 003 | OSt | ||
| 005 | 20201128023940.0 | ||
| 008 | 150114t2014 enka frb 001 0 eng d | ||
| 020 | _a9781292021911 | ||
| 040 |
_aStDuBDS _beng _cStDuBDS _dEG-ScBUE |
||
| 082 | 0 | 4 |
_a658.1554 _222 _bCOS |
| 245 | 0 | 0 |
_aCost-benefit analysis : _bconcepts and practice / _cBoardman ... [et al.] |
| 250 | _a4th ed., Pearson new international ed. | ||
| 260 |
_aHarlow : _bPearson Education Limited, _cc.2014. |
||
| 300 |
_aii, 500 p. : _bill. ; _c28 cm. |
||
| 490 | 0 | _aPearson custom library. | |
| 500 | _aIndex : p. 493-500. | ||
| 504 | _aIncludes bibliographical references. | ||
| 590 | _aSameh | ||
| 650 | 7 |
_aCost effectiveness. _2BUEsh _92153 |
|
| 651 | _2BUEsh | ||
| 653 |
_bBUSADM _cOctober2016 |
||
| 653 |
_bBUSECO _cDecember2016 |
||
| 700 | 1 | _aBoardman, Anthony E. | |
| 942 | _2ddc | ||
| 999 |
_c22861 _d22833 |
||